MARC details
| 000 -CABECERA |
| campo de control de longitud fija |
03721nam a2200385 i 4500 |
| 001 - NÚMERO DE CONTROL |
| campo de control |
000022283 |
| 003 - IDENTIFICADOR DEL NÚMERO DE CONTROL |
| campo de control |
DO-SdBNP |
| 005 - FECHA Y HORA DE LA ÚLTIMA TRANSACCIÓN |
| campo de control |
20231003121135.0 |
| 007 - CAMPO FIJO DE DESCRIPCIÓN FÍSICA--INFORMACIÓN GENERAL |
| campo de control de longitud fija |
ta |
| 008 - DATOS DE LONGITUD FIJA--INFORMACIÓN GENERAL |
| campo de control de longitud fija |
090630s2004 dr d r 000 0 spa d |
| 020 ## - NÚMERO INTERNACIONAL ESTÁNDAR DEL LIBRO |
| Número Internacional Estándar del Libro |
9993430668 |
| 040 ## - FUENTE DE LA CATALOGACIÓN |
| Centro catalogador/agencia de origen |
DO-SdBNP |
| Lengua de catalogación |
spa |
| Centro/agencia transcriptor |
BNPHU |
| Normas de descripción |
rda |
| 082 #4 - NÚMERO DE LA CLASIFICACIÓN DECIMAL DEWEY |
| Número de clasificación |
330.97293 |
| Número de documento/Ítem |
C744n, 2003 |
| Número de edición |
22 |
| 111 2# - ENTRADA PRINCIPAL--NOMBRE DE CONGRESO/REUNIÓN |
| Nombre de congreso/reunión o jurisdicción como elemento de entrada |
Concurso Biblioteca Juan Pablo Duarte |
| Fecha del congreso/reunión |
(2003: |
| Sede del congreso/Lugar de la reunión |
Santo Domingo) |
| 9 (RLIN) |
84322 |
| 245 10 - MENCIÓN DE TÍTULO |
| Título |
Nueva literatura económica dominicana : |
| Resto del título |
premios del concurso "Biblioteca Juan Pablo Duarte", 2003 / |
| Mención de responsabilidad, etc. |
edición, Ramón Pereyra, Betania Corletto ; prólogo, Féliz Calvo. |
| 264 ## - PRODUCCIÓN, PUBLICACIÓN, DISTRIBUCIÓN, FABRICACIÓN Y COPYRIGHT |
| Producción, publicación, distribución, fabricación y copyright |
Santo Domingo : |
| Nombre del de productor, editor, distribuidor, fabricante |
Banco Central de la República Dominicana, |
| Fecha de producción, publicación, distribución, fabricación o copyright |
2004. |
| 300 ## - DESCRIPCIÓN FÍSICA |
| Extensión |
372 páginas : |
| Otras características físicas |
ilustraciones, gráficos ; |
| Dimensiones |
23 cm. |
| 336 ## - TIPO DE CONTENIDO |
| Fuente |
rdacontent |
| Término de tipo de contenido |
texto |
| Código de tipo de contenido |
txt |
| 337 ## - TIPO DE MEDIO |
| Fuente |
rdamedia |
| Nombre/término del tipo de medio |
sin mediación |
| Código del tipo de medio |
n |
| 338 ## - TIPO DE SOPORTE |
| Fuente |
rdacarrier |
| Nombre/término del tipo de soporte |
volumen |
| Código del tipo de soporte |
nc |
| 490 0# - MENCIÓN DE SERIE |
| Mención de serie |
Banco Central de la República Dominicana |
| Designación de volumen o secuencia |
69 |
| Mención de serie |
Nueva literatura económica |
| Designación de volumen o secuencia |
7 |
| 500 ## - NOTA GENERAL |
| Nota general |
Incluye referencias bibliográficas y notas al pie de las páginas |
| 500 ## - NOTA GENERAL |
| Nota general |
Incluye bibliografía al final de los capítulos |
| 505 0# - NOTA DE CONTENIDO CON FORMATO |
| Nota de contenido con formato |
Prólogo -- Agradecimiento -- Desajuste fiscales y su impacto en la cuenta corriente: una aproximación al proceso de ajuste externo de la economía dominicana / Hamlet Gutiérrez M. -- Introducción -- Aspectos teóricos de la cuenta corriente y el enfoque fiscal de la balanza de pagos -- El gasto público dominicano y la situación externa. El caso de la República Dominicana -- El déficit fiscal y su impacto en la cuenta corriente : resultados empíricos --Predominio fiscal y política monetaria en la República Dominicana -- La teoría fiscal del nivel de precios -- Metodologías de identificación de pruebas de predominio fiscal -- Implicaciones del predominio fiscal para la conducción de política monetaria -- Determinantes del tipo de cambio de equiliobrio, presión sobre el mercado cambiario y ataques especulativos en la República Dominicana: evidencia reciente -- Introducción -- Tipo de cambio de equilibrio en la República Dominicana (1990-2003) -- Política monetaria y presión sobre el mercado cambiario (EMP) -- Modelo de ataque especulativo -- Mención de Honor. Mecanismos de transmisión monetaria en la República Dominicana : el traspaso de las evaluaciones del tipo de cambio sobre los niveles de precio --introducción -- Mecanismos de transmisión monetaria : un repaso de la literatura -- Efectos del mecanismo de transmisión del tipo de cambio en la economía dominicana -- Conclusiones -- Mención de honor. Desequilibro de corto plazo y el sobredesbordamientos del tipo de cambio: el caso Baninter perdidas de credibilidad política monetaria-- Introducción -- Equilibrio macroeconómico de corto plazo y tipo de cambio real -- Ineficacia y pérdida de credibilidad de la política monetaria -- Descripción del modelo -- La cuantificación del desequilibrio macroeconómico de corto plazo --La magnitud del desbordamiento cambiario por pérdida de credibilidad y por el caso Baninter. |
| 590 ## - NOTA LOCAL (RLIN) |
| Nota local |
Inventariado, 2018/ YL |
| 650 #4 - PUNTO DE ACCESO ADICIONAL DE MATERIA--TÉRMINO DE MATERIA |
| Término de materia o nombre geográfico como elemento de entrada |
Política monetaria |
| Subdivisión geográfica |
República Dominicana |
| Subdivisión de forma |
Congresos, conferencias, etc. |
| 9 (RLIN) |
6378 |
| 650 #4 - PUNTO DE ACCESO ADICIONAL DE MATERIA--TÉRMINO DE MATERIA |
| Término de materia o nombre geográfico como elemento de entrada |
Política fiscal |
| Subdivisión geográfica |
República Dominicana |
| Subdivisión de forma |
Congresos, conferencias, etc. |
| 9 (RLIN) |
46037 |
| 651 #4 - PUNTO DE ACCESO ADICIONAL DE MATERIA--NOMBRE GEOGRÁFICO |
| Nombre geográfico |
República Dominicana |
| Subdivisión general |
Política económica |
| Subdivisión de forma |
Congresos, conferencias, etc. |
| 9 (RLIN) |
7001 |
| 700 1# - PUNTO DE ACCESO ADICIONAL--NOMBRE DE PERSONA |
| Nombre de persona |
Corletto de Echavarría, Betania, |
| Títulos y otros términos asociados al nombre |
edición |
| 9 (RLIN) |
6383 |
| 700 1# - PUNTO DE ACCESO ADICIONAL--NOMBRE DE PERSONA |
| Nombre de persona |
Soto, Elvis, |
| Títulos y otros términos asociados al nombre |
edición |
| 9 (RLIN) |
6384 |
| 710 2# - PUNTO DE ACCESO ADICIONAL--NOMBRE DE ENTIDAD CORPORATIVA |
| Nombre de entidad corporativa o nombre de jurisdicción como elemento de entrada |
Banco Central de la República Dominicana. |
| Unidad subordinada |
Departamento Cultural |
| 9 (RLIN) |
7006 |
| 910 ## - DATOS DE OPCIÓN DEL USUARIO (OCLC) |
| Datos de opción del usuario |
Validado. Control de calidad MFF |
| 942 ## - ELEMENTOS DE PUNTO DE ACCESO ADICIONAL (KOHA) |
| Fuente del sistema de clasificación o colocación |
Dewey Decimal Classification |
| Tipo de ítem Koha |
Libro |